000 01426nam a22002537a 4500
008 160706b xxu||||| |||| 00| 0 eng d
040 _c40-өөс дээш насны эрэгтэйчүүдийн насжилтын үеийн чөлөөт болон биологийн идэвхитэй тестостероны төвшин:
041 _amon
_hmon
082 _a362.1
100 _aОюун-Эрдэнэ Р.
_95656
110 _aАнагаахын шинжлэх ухааны үндэсний их сургууль
245 _a40-өөс дээш насны эрэгтэйчүүдийн насжилтын үеийн чөлөөт болон биологийн идэвхитэй тестостероны төвшин:
_bЕ 720215- Биохими.- АУ-ны магистрын зэрэг горилсон нэг сэдэвт бүтээл.
_c/ЭШ-ний удирд. АУ-ны д-р. Ж.Мөнхцэцэг: ЭШ-ний шүүмж. АУ-ны д-р, д/проф. М.Мөнхзол.
260 _a-УБ.:
_bЭрхэс,
_c2012.
300 _a71х.
502 _cАнагаахын шинжлэх ухааны үндэсний их сургууль
650 _aAging
_95657
650 _atotal
_95658
650 _afree
_95659
650 _abioavailable testosterone
_95660
650 _afree testosterone index
_95661
700 _aМөнхцэцэг Ж.
_94517
700 _aМөнхзол М.
_93974
942 _cMS
999 _c98344
_d98401